MARC

LEADER 00000nam0a2200000 4500
001 25971
005 20231101205714.0
010 |a 5020146730 
035 |a (RuTPU)RU\TPU\book\26210 
035 |a BOOK00000127 
090 |a 25971 
100 |a 20011209d1992 m y0rusy50 ca 
101 0 |a rus 
102 |a RU 
105 |a a j 001zy 
200 1 |a Электродинамика сплошных сред  |e учебное пособие  |f Л. Д. Ландау, Е. М. Лифшиц 
205 |a 3-е изд., испр. 
210 |a Москва  |c Наука  |d 1992 
215 |a 664 с.  |c ил. 
225 1 |a Теоретическая физика  |e в 10 т.  |v Т. 8  |f Л. Д. Ландау, Е. М. Лифшиц 
320 |9 572  |a Предм. указ.: с. 656-661 
606 1 |a Электродинамика  |2 stltpush  |3 (RuTPU)RU\TPU\subj\19944  |9 45105 
610 1 |a физика 
610 1 |a теоретическая физика 
610 1 |a сплошные среды 
610 1 |a электромагнитные поля 
610 1 |a электростатика 
610 1 |a постоянный ток 
610 1 |a ферромагнетизм 
610 1 |a антиферромагнетизм 
610 1 |a сверхпроводимость 
610 1 |a магнитная гидродинамика 
610 1 |a электромагнитные волны 
610 1 |a дисперсия 
610 1 |a учебные пособия 
675 |a 537.8(075.8)  |v 3 
700 1 |a Ландау  |b Л. Д.  |c российский физик-теоретик  |c академик АН СССР  |f 1908-1968  |g Лев Давидович  |2 stltpush  |3 (RuTPU)RU\TPU\pers\216  |9 111 
701 1 |a Лифшиц  |b Е. М.  |c российский физик  |f 1915-1985  |g Евгений Михайлович  |2 stltpush  |3 (RuTPU)RU\TPU\pers\23254 
801 0 |a RU  |b 63413507  |c 20011209  |g PSBO 
801 2 |a RU  |b 63413507  |c 20201111  |g PSBO 
900 |a Фундаментальные вопросы физики плазмы 
900 |a Фундаментальные основы физики плазмы 
900 |a Электродинамика сплошных сред 
942 |c BK